| Tag |
First Indicator |
Second Indicator |
Subfields |
| LEADER |
00000cam a2200000 a 4500 |
| 001 |
in00001771421 |
| 005 |
20220106093650.0 |
| 008 |
030818s2003 dcu b f000 0 eng c |
| 020 |
|
|
|a 0160705355
|
| 035 |
|
|
|a (OCoLC)ocm52823582
|
| 037 |
|
|
|a 552-070-30104-6
|
| 040 |
|
|
|a SEN
|c SEN
|d GPO
|d MvI
|d UtOrBLW
|
| 042 |
|
|
|a pcc
|
| 043 |
|
|
|a n-us---
|
| 049 |
|
|
|a UDOC
|a WWW
|
| 074 |
|
|
|a 1041-A
|
| 074 |
|
|
|a 1041-A (online)
|
| 074 |
|
|
|a 1041-B (MF)
|
| 074 |
|
|
|a 1041-B (online)
|
| 086 |
0 |
|
|a Y 4.C 73/7:S.HRG.107-961
|
| 110 |
1 |
|
|a United States.
|b Congress.
|b Senate.
|b Committee on Commerce, Science, and Transportation.
|
| 245 |
1 |
0 |
|a Nomination of Harold D. Stratton, Jr., to be Commissioner and Chairman of the Consumer Product Safety Commission :
|b hearing before the Committee on Commerce, Science, and Transportation, United States Senate, One Hundred Seventh Congress, second session, April 25, 2002.
|
| 264 |
|
1 |
|a Washington :
|b U.S. G.P.O. :
|c 2003.
|
| 264 |
|
2 |
|a Washington :
|b For sale by the Supt. of Docs., U.S. G.P.O., [Congressional Sales Office],
|
| 300 |
|
|
|a iii, 22 pages ;
|c 24 cm.
|
| 336 |
|
|
|a text
|b txt
|2 rdacontent
|
| 337 |
|
|
|a unmediated
|b n
|2 rdamedia
|
| 338 |
|
|
|a volume
|b nc
|2 rdacarrier
|
| 490 |
1 |
|
|a S. hrg. ;
|v 107-961
|
| 500 |
|
|
|a "Printed for the use of the Committee on Commerce, Science, and Transportation."
|
| 500 |
|
|
|a Distributed to some depository libraries in microfiche.
|
| 500 |
|
|
|a Shipping list number: 2003-0258-P.
|
| 500 |
|
|
|a Shipping List Date: 08/15/2003
|
| 504 |
|
|
|a Includes bibliographical references.
|
| 530 |
|
|
|a Also available via Internet from the GPO Access web site. Addresses as of 8/29/03: http://frwebgate.access.gpo.gov/cgi-bin/getdoc.cgi?dbname=107%5Fsenate%5Fhearings&docid=f:87746.wais (text version), http://frwebgate.access.gpo.gov/cgi-bin/getdoc.cgi?dbname=107%5Fsenate%5Fhearings&docid=f:87746.pdf (PDF version); current access available via PURLS.
|
| 600 |
1 |
0 |
|a Stratton, Hal.
|
| 610 |
2 |
0 |
|a U.S. Consumer Product Safety Commission
|x Officials and employees
|x Selection and appointment.
|
| 810 |
1 |
|
|a United States.
|b Congress.
|b Senate.
|t S. hrg. ;
|v 107-961.
|
| 856 |
4 |
1 |
|3 Text version:
|u https://purl.fdlp.gov/GPO/LPS35713
|t 0
|
| 856 |
4 |
1 |
|3 PDF version:
|u https://purl.fdlp.gov/GPO/LPS35714
|t 0
|
| 999 |
|
|
|a MARS
|
| 999 |
f |
f |
|s 4c580554-e9bd-399c-b208-aec371bb36de
|i 487eece4-b3ab-30dd-8cbd-86b2d2e0966d
|t 0
|
| 952 |
f |
f |
|a Texas A&M University
|b College Station
|c Electronic Resources
|d Available Online
|t 0
|e Y 4.C 73/7:S.HRG.107-961
|h Superintendent of Documents classification
|
| 998 |
f |
f |
|a Y 4.C 73/7:S.HRG.107-961
|t 0
|l Available Online
|